Guess the country by shape! - Statistics

General Stats
  • This quiz has been taken 873 times
  • The average score is 9 of 15
Answer Stats
Picture Answer % Correct
United States
99%
China
95%
Chile
92%
Philippines
76%
Finland
75%
Ireland
71%
Netherlands
56%
Senegal
55%
Sudan
51%
Tunisia
46%
Jordan
45%
Venezuela
45%
Bahamas
40%
Costa Rica
30%
Qatar
28%
No matching quizzes found
Score Distribution
Percent of People with Each Score
Percentile by Number Answered
Your Score History
You have not taken this quiz